Normal view
MARC view
- اعداد عبدالله، مجدي محمد
Entry Personal Name
001 - CONTROL NUMBER
- control field: 44627
003 - CONTROL NUMBER IDENTIFIER
- control field: JO-AjAnu
005 - DATE AND TIME OF LATEST TRANSACTION
- control field: 20230606081404.0
008 - FIXED-LENGTH DATA ELEMENTS
- fixed length control field: 230606|| aca||aabn | a|a d
040 ## - CATALOGING SOURCE
- Original cataloging agency: JO-AjAnu
- Transcribing agency: JO-AjAnu
100 ## - HEADING--PERSONAL NAME
- Personal name: اعداد عبدالله، مجدي محمد
670 ## - SOURCE DATA FOUND
- Source citation: Work cat.: (JO-AjAnu)22851: اعداد عبدالله، مجدي محمد , author, الانترنت وتصميم صفحة الويب = Internet web design باستخدام لغة HTML